WOODKID - Run Boy Run (All Lyrics) - Statistics

General Stats
  • This quiz has been taken 64 times
    63 since last reset
  • The average score is 142 of 178
Answer Stats
Lyric % Correct
boy
100%
boy!
100%
Run
100%
run!
100%
run,
100%
run.
100%
you.
98%
you
98%
the
96%
The
96%
is
91%
to
91%
to.
91%
a
89%
be
89%
trying
87%
for
85%
It's
83%
They're
83%
catch
80%
away.
78%
hide
78%
have
76%
This
76%
time
76%
day,
72%
and
70%
And
70%
another
70%
But
70%
not
70%
now
67%
You'll
67%
prophecy.
65%
Tomorrow
65%
won't
63%
world
63%
meant
61%
in
59%
Running
57%
society.
57%
victory.
54%
from
52%
of
52%
stop
52%
sun
52%
will
52%
Break
50%
inside
50%
man
50%
out
50%
guiding
48%
behind
41%
when
41%
fades
39%
hills.
39%
night
39%
secret
39%
trees.
37%
disappear
35%
journey
35%
race
33%
dying
30%
Beauty
28%
lays
26%
ride
20%
No matching quizzes found
Score Distribution
Percent of People with Each Score
Percentile by Number Answered
Your Score History
You have not taken this quiz since the last reset